000 00638nam a2200241 i 4500
001 C2-0257604
003 PPAK
005 20180727224529.0
008 040827s2002 nyu |||| ||||| | eng d
020 _a0345459393
040 _aPPAK
_beng
_cPPAK
_erda
082 0 4 _a823
_223
090 0 0 _a823
_bRIC
_dG
100 1 _aRice, Anne,
_eauthor
245 1 0 _aBlackwood farm :
_bthe vampire chronicles
264 1 _aNew York :
_bBallantine Books ,
_c2002
300 _a626 pages ;
_c18 cm
336 _2rdacontent
_atext
337 _2rdamedia
_aunmediated
338 _2rdacarrier
_avolume
650 1 0 _aEnglish fiction
942 _ddc
_cB
999 _c69401
_d69401